Ładuje się......
Monograph on syllabus analysis and restructuring
| 1. autor: | |
|---|---|
| Format: | Printed Book |
| Język: | Undetermined English |
| Wydane: |
New Delhi
Association of Indian Universities
1984
|
| Hasła przedmiotowe: |
| LEADER | 00590nam a2200169Ia 4500 | ||
|---|---|---|---|
| 008 | 140306s9999 xx 000 0 und d | ||
| 041 | |a eng | ||
| 082 | |a 378 |b ASS/MO | ||
| 100 | |a Association od Indian, Universities | ||
| 245 | |a Monograph on syllabus analysis and restructuring | ||
| 260 | |a New Delhi |b Association of Indian Universities |c 1984 | ||
| 300 | |a 132 | ||
| 365 | |b Rs.10 | ||
| 650 | |a University education | ||
| 942 | |2 ddc |c BK | ||
| 999 | |c 179265 |d 179265 | ||
| 952 | |0 0 |1 0 |2 ddc |4 0 |6 378_000000000000000_ASS_MO |7 0 |9 184388 |a KAUCBV |b KAUCBV |d 2004-03-02 |g 10.00 |o 378 ASS/MO |r 2014-03-22 |w 2014-03-22 |y BK | ||